Регионална библиотека "Любен Каравелов" - Русе

Одисея (Запис номер 422852)

MARC детайли
000 -Лидер
Контролно поле с фиксирана дължина nam a22 a 4500
003 - Код на организацията, давaща контролен номер
Контролно поле BLK
005 - Дата и час на последна редакция
Контролно поле 20210705094142.0
008 - Елементи от данни с фиксирана дължина
fixed length control field 180411b bul|||||r ||||||| ||bul||
040 ## - Източник на каталожния запис
Идентификатор на билиотеката - собственик на записа BLK
041 ## - Код за език
Код за езика на текст/звукозапис или на отделно заглавие Български
Код за езика КДБФ Български
080 ## - УДК
Текстов определител УДК Класическа гръцка литература. Старогръцка литература
УДК код - определител по УДК 821.142
УДК определител -13
УДК - код + определител 821.142-13
100 1# - Редна дума - Автор
Автор Омир
Авторска отговорност първи автор
R(LIN) 104719
139 ## - Редно поле
Редна дума Омир
Авторски знак Омир - О 56
245 10 - Сведения за заглавието
Заглавие Одисея
Редно поле (дума) Омир ; преразк. за юноши Жорж Галиен, прев. от Рачо Стоянов
257 ## - Страна на издаване
Страна на създаване/издаване Древна Гърция
260 ## - Област на издателските данни
Място на издаване, разпространение и проч. София
Име на издателя, разпространителя и проч. печ. Съгласие
Година на издаване 1929
9 (RLIN) 216883
300 ## - Физическа характеристика
Страници 108 с.
Размери/Мащаб 15 см
380 ## - Жанр
Жанр Худож. лит.
490 ## - СЕРИИ (Колекции)
Име на серия Библиотека Златни страници
9 (RLIN) 202504
700 ## - Други автори (авторска отговорност)
Лично име Стоянов, Рачо
Автороска отговорност (Описва отношението между автора и произведението) прев.
9 (RLIN) 966
700 ## - Други автори (авторска отговорност)
Лично име Галиен, Жорж
Автороска отговорност (Описва отношението между автора и произведението) преразк.
9 (RLIN) 1280
852 ## - Местоположение
Форматна сигнатура Цб 8.155.6482
999 ## - СИСТЕМНИ КОНТРОЛНИ НОМЕРА
Koha biblionumber 422852
Koha biblioitemnumber 422852
942 ## - АРТИКУЛИ
Вид на библиотечния материал Книги
Скрит в OPAC Не
Периодичен библиозапис Да
944 ## - СЪЗДАВАНЕ И РЕДАКЦИЯ на ЗАПИСА
Създаване/Редакция Създаване
Дата на регистрацията/редакция 2021-07-05
Служител, извършил регистрацията/редакцията В. Т.
999 ## - СИСТЕМНИ КОНТРОЛНИ НОМЕРА
Koha biblioitemnumber 421277
Наличности
Код за отписване Код за изгубен артикул Източник на класификационната схема Код за повреда Коз за рестрикции Код за отдаване Артикулен № Име на библиотеката - собственик Име на библиотеката, в която се намира в момента Статус (Текущо местоположение) Дата на вписване в системата Местоположение - отдел Цена в лева Инвентарен номер Систематично азбучна сигнатура Баркод Цена в евро Служебен тип на артикула
  Не е изгубен Universal Decimal Classification Не е повреден само за читалня ползва се в читалня 841055 Регионална библиотека "Любен Каравелов" Русе Регионална библиотека "Любен Каравелов" Русе Хранилище 2021-07-06 Основен фонд - ползва се само за читалня 0.09 6482 Цб 8.155.6482 900000066109 0.05 Книги
Vip Innovations Ltd, Rousse, Bulgaria 2025